| 000 | 00534na a2200217 4500 | ||
|---|---|---|---|
| 001 | 12749 | ||
| 003 | MIRAKIL | ||
| 005 | 20181213154836.0 | ||
| 008 | 160922b tu 000 0 | ||
| 020 | _a9789757557277 | ||
| 035 | _a12749 | ||
| 040 |
_aMilas _btur _cTR-AnCHP |
||
| 082 |
_a297 _bA35d |
||
| 090 | _a297 A35d 2011 | ||
| 100 | _aHulûsi, Ahmed | ||
| 245 |
_aDua ve zikir _cAhmed Hulusi |
||
| 260 |
_aİstanbul _bKitsan Yayınları _c2011 |
||
| 300 |
_a328 s. _c20 sm. |
||
| 650 |
_aİslam dini _xDua |
||
| 942 |
_2ddc _cBKS |
||
| 999 |
_c1826 _d1826 |
||